[Event "Canadian op"]
[Site "Ottawa"]
[Date "2007.07.13"]
[Round "8"]
[White "Bu, Xiangzhi"]
[Black "Atalik, Suat"]
[Result "1-0"]
[WhiteElo "2685"]
[BlackElo "2564"]
[Annotator "Rogozenco,D"]
[PlyCount "77"]
[EventDate "2007.07.07"]
[EventType "swiss"]
[EventRounds "10"]
[EventCountry "CAN"]
[SourceTitle "CBM 119"]
[Source "ChessBase"]
[SourceDate "2007.08.01"]
[SourceVersion "1"]
[SourceVersionDate "2007.08.01"]
[SourceQuality "1"]

1. Nf3 d5 2. d4 Nf6 3. c4 c6 4. Nc3 dxc4 5. a4 Bf5 6. Ne5 e6 7. f3 c5 8. e4
cxd4 (8... Bg6 {is the move used by Kramnik lately.}) 9. exf5 Bb4 {These days
we are witnessing to a reassessment of the theory of this line. Previously it
has been considered that White achieves a favourable endgame, but the recent
game showed that in the main variation starting with 10.Bxc4 Black has little
to fear.  With the next move the Chinese GM introduces a completely new idea
for White.} 10. Be3 $5 $146 {An impressive-looking novelty, designed to
prepare as quickly as possible castle long after the exchange of queens.} ({
The main line goes} 10. Bxc4 dxc3 11. Qxd8+ Kxd8 12. O-O cxb2 13. Bxb2 Ke7 14.
fxe6 (14. Nd3 Rc8 15. Bb3 a5 $1 ({less precise is} 15... Na6 16. Nxb4 Nxb4 17.
a5 $40 {1-0 Cramling,P (2510)-Barkhagen,J (2456)/Hasselbacken 2001 (30)}))
14... fxe6 15. Nd3 Rc8 16. Bb3 (16. Bxe6 Kxe6 17. Nxb4 Nbd7 $11) 16... a5 $1 {
This is the point. White cannot use the diagonal a3-f8 and the black king is
safe inthe center. White's bishop pair doesn't provide any advantage, since
Black can protect his weak pawns without difficulty. The following examples
show that Black has a good game:} 17. Nxb4 axb4 18. Rfe1 Rc6 19. Bxf6+ (19. Re5
Nbd7 20. Rb5 Rb6 21. Rxb4 $2 Rxb4 22. Ba3 Nd5 23. Bxd5 Raxa4 $1 24. Bxb4+ Rxb4
25. Be4 Nf6 $17 {0-1 Kacheishvili,G (2587)-Gagunashvili,M (2611)/Tbilisi 2007 
(41)}) 19... Kxf6 20. Re4 Na6 21. Rae1 Nc5 22. Rf4+ Ke7 23. Rxb4 Nxb3 24. Rxb7+
Kf6 25. Rxb3 Rxa4 $11 {1/2-1/2 Bluvshtein,M (2520)-Miton,K (2648)/Ottawa 2007 
(31)}) 10... dxc3 (10... dxe3 $2 11. Qxd8+ Kxd8 12. Nxf7+ Ke7 13. Nxh8 $18) 11.
Qxd8+ Kxd8 12. O-O-O+ Ke7 13. bxc3 Ba3+ {After this natural answer, which
keeps the control over diagonal a3-f8 the Chinese GM has the opportunity to
demonstrate resources of White's position.} ({The next day of the same
tournament K.Miton showed the correct play for Black:} 13... Bxc3 $1 14. Bc5+
Ke8 15. Nxc4 Nbd7 {Not fearing ghosts. Although this looks dangerous, the
Polish GM correctly analyzed the position: White can't create any dangerous
initiative. Of course in our main game it was very difficult for Atalik to
figure out over the board that Black is okay here.} 16. Ba3 a5 $1 {Again this
pawn advance solves the problems. Black threatens to close the diagonal a3-f8
with ...Bb4 and White has nothing better than perpetual:} 17. Nd6+ Ke7 18. Nc8+
Ke8 19. Nd6+ Ke7 20. fxe6 fxe6 21. Nf5+ Kf7 22. Nd6+ Ke7 23. Nc8+ Kf7 24. Nd6+
Ke7 25. Nf5+ Kf7 26. Nd6+ Ke7 27. Nf5+ Kf7 {1/2-1/2 Bu Xiangzhi (2685)-Miton,K
(2648)/Ottawa 2007.}) 14. Kc2 Nbd7 15. Nxd7 Nxd7 16. fxe6 fxe6 17. Bxc4 {
Black's task is by no means simple. White's bishops are active and the weak
pawn on e6 is an easy target. Besides, Black's both minor pieces are unstable
and the king is vulnerable.} Rhc8 ({After} 17... Nf6 18. Rhe1 Rhe8 19. Kb3 Bd6
20. Bd4 {White wins a pawn.}) 18. Kb3 Ne5 (18... Bd6 19. Bg5+ Nf6 20. Rhe1 e5
21. f4 $18) 19. Be2 Bc5 ({Correct was} 19... Nf7 {using the tactical motifs of
the position. Black protects against the check on g5 and at the same time
removes the knight from its vulnerable position.} 20. Rhe1 (20. Kxa3 $2 Rxc3+
$17) 20... Bc5 $14) 20. Bg5+ Kf8 21. f4 Nf7 22. Rd7 Nxg5 $2 {Opening the
f-file will be fatal for Black.} (22... Rab8 {was necessary. White keeps a
clear advantage, but at least there is nothing concrete.} 23. Bh5 $5 $16) 23.
fxg5 {Now Black loses a pawn and remains under pressure. He faces a highly
unpleasant task to choose which type of position would offer most chances to
survive. The problem is that everywhere such chances are very slim.} Be7 {
Suat hopes that with the king on e8 instead of g8 his chances will be higher,
but in reality the king becomes a target for attack in the center. On the
other hand playing with the king on g8 and a pawn down should also be lost.} (
23... Rd8 24. Rf1+ Kg8 25. Rxb7 Rab8 26. Rff7 Rxb7+ 27. Rxb7 $16 {/+-}) (23...
Rab8 24. Rf1+ Kg8 (24... Ke8 25. Rxg7 $18) 25. Rff7 Bf8 26. Rxb7 Rxb7+ 27. Rxb7
$16 {/+-}) 24. Rf1+ Ke8 25. Rxb7 a6 26. Bf3 $1 {Black is in zugzwang. All his
moves lose more material.} Rcb8 (26... Rab8 {allows the check on c6 anyway:}
27. Bc6+ {and White wins}) (26... Bf8 27. Re1 $18) (26... h6 27. Bh5+ $18) (
26... g6 {is obviously not a solution. After} 27. Kc2 {Black can resign.}) (
26... a5 27. Bh5+ g6 28. Be2 $18 {[%cal Ge2b5]}) 27. Bc6+ Kd8 28. Rd1+ Kc8 29.
Kc4 $1 {Impeccable technique from Bu Xiangzhi. White will remain with two
extra pawns in the rook endgame.} Rxb7 30. Bxb7+ Kxb7 31. Rd7+ Kb6 32. Rxe7 Rf8
33. g6 hxg6 34. Rxe6+ Ka5 35. Rxg6 Rc8+ 36. Kb3 Rb8+ 37. Kc2 Rb7 38. h4 Rf7 39.
Rg4 1-0

[Event "Excelsior Cup"]
[Site "Gothenburg"]
[Date "2004.01.10"]
[Round "3"]
[White "Rogozenco, Dorian"]
[Black "Bellon Lopez, Juan Manuel"]
[Result "1-0"]
[WhiteElo "2517"]
[BlackElo "2429"]
[Annotator "Rogozenco,D"]
[PlyCount "99"]
[EventDate "2004.01.06"]
[EventType "tourn"]
[EventRounds "9"]
[EventCountry "SWE"]
[EventCategory "9"]
[SourceTitle "CBM 099"]
[Source "ChessBase"]
[SourceDate "2004.03.30"]
[SourceVersion "1"]
[SourceVersionDate "2004.03.30"]
[SourceQuality "1"]

1. d4 d5 2. c4 c6 3. Nf3 dxc4 4. a4 Nf6 5. Nc3 Bf5 6. Ne5 Na6 7. e3 Nb4 8. Bxc4
e6 9. O-O Nc2 $4 {Although a terrible blunder, it is rather strange that
nobody played it before.} (9... Be7 $14) 10. e4 $18 {During the game the
unhealthy thought of repeating the moves one time before advancing the e-pawn
crossed my mind (weren't we taught to repeat the position when we get the
opportunity?). It took me a few seconds to convince myself that such action
would represent the most stupid thing I've ever done (it's actually great to
feel that space for worse always exists). After 10.Rb1 Nb4 11.Ra1 in case that
insanity would have left my opponent and he would play something else than 11..
.Nc2, I would have started to think very deep about the meaning of life and my
place in the hierarchy of human beings.} (10. g4 $4 Nxg4 11. Nxg4 Nxa1 $19)
10... Nxe4 11. Qxc2 Qxd4 12. Nxe4 Qxe5 {Everything else loses much quicker.}
13. f3 (13. Re1 {It was hard to reject this move. The reason is that the
following line didn't seem the most optimal decision to me:} Bb4 14. Bd2 Bxd2
15. Qxd2 Bxe4 16. Qe3 O-O-O 17. Qxe4 Qxb2 {Other moves from Black are out of
question, White wins easily everywhere. When in my calculations I reached the
present position, I sadly realized that 18.Ba6 does not win immediately
because of 18...Qb6!. That's why I decided to go for "a more ugly", but safe
win after 13.f3.} 18. Rab1 Qd4 19. Ba6 Qxe4 20. Bxb7+ Kc7 21. Rxe4 Rb8 {
This didn't seem to me an easier win than the game.}) 13... Bxe4 14. Qxe4 Qxe4
15. fxe4 Bc5+ 16. Kh1 Rd8 {Some accuracy is still required from White in this
winning position. Black's control over d-file plus no weaknesses in his pawn
structure mean that the game might last for a while. In the next part Black
tried hard to change something, but in fact at any moment Black's resignation
wouldn't have been too premature.} 17. b3 Ke7 18. Bb2 f6 19. Rac1 (19. Rad1 e5
{and still a lot of work.}) 19... Bb4 20. g4 {Black's counterplay is only
apparent. White reaches an easy technically winning position by force.} (20. e5
f5) 20... Rd2 21. Rb1 Bd6 (21... h6 22. e5 $18) 22. e5 Bxe5 23. Bxe5 fxe5 24.
Rbe1 b5 (24... Kd6 25. Rf7 $18) 25. axb5 cxb5 26. Bxb5 Rd5 27. Bc4 Rc5 28. Rf2
a5 29. Ref1 e4 30. Re2 Re5 31. Rfe1 Kd6 32. Rxe4 Rxe4 33. Rxe4 e5 34. Re2 Rb8
35. Ra2 Ra8 36. Rd2+ Kc5 37. Rd5+ Kb4 38. Rxe5 a4 39. Rb5+ Kc3 40. Bd5 Ra7 41.
bxa4 Rxa4 42. Bf3 Kd4 43. Kg2 Ra7 44. Kg3 Rf7 45. Rd5+ {Of course 45.Rb7 wins
as well.} Ke3 46. Re5+ Kd4 47. Re4+ Kc5 48. Re6 Kd4 49. h4 Ra7 50. g5 1-0

[Event "Excelsior Cup"]
[Site "Gothenburg"]
[Date "2004.01.12"]
[Round "5"]
[White "Rogozenco, Dorian"]
[Black "Johannessen, Leif Erlend"]
[Result "1/2-1/2"]
[WhiteElo "2517"]
[BlackElo "2500"]
[Annotator "Rogozenco,D"]
[PlyCount "61"]
[EventDate "2004.01.06"]
[EventType "tourn"]
[EventRounds "9"]
[EventCountry "SWE"]
[EventCategory "9"]
[SourceTitle "CBM 099"]
[Source "ChessBase"]
[SourceDate "2004.03.30"]
[SourceVersion "1"]
[SourceVersionDate "2004.03.30"]
[SourceQuality "1"]

{This game proved to be decisive for the final standings in Excelsior Cup 2004.
I subconciously realized that (wasn't too difficult, though - my opponent had
4 out of 4, I had 3,5), but right from the beginning everything went wrong,
when he surprised me in the opening.} 1. d4 d5 2. c4 c6 3. Nf3 Nf6 4. Nc3 dxc4
5. a4 Bf5 {I didn't expect his opening choice. Leif Erlend plays lots of
various openings, but usually other stuff than this one.} 6. Ne5 Nbd7 7. Nxc4
Qc7 8. g3 e5 9. dxe5 Nxe5 10. Bf4 Nfd7 11. Bg2 g5 {A total surprise. After the
game when I asked my opponent whether he ever played it before, he said "yes,
but with White. I couldn't find advantage with White, so I thought to see what
have you got here"... Well, next time I will check his games with both colours.
} 12. Nxe5 (12. Ne3 {never attracted me, in spite of the fact that Kasparov
played it and even accompanied it with an exclamation mark.}) 12... gxf4 13.
Nxd7 O-O-O 14. Qd4 Qxd7 15. Qxf4 Bd6 {Here I decided to make a rare move,
which actually in my opinion is not worse than its alternatives.} 16. Qd4 $5 {
The main moves are 16.Qc1 or 16.Qh6. By the way, there is no clear advantage
after them.} Bc7 {A well-known motif for these positions. Black is hoping to
have enough compensation in endgame, since his pieces are more active.} (16...
Qe7 $2 17. Qxa7 Bc5 18. Qa8+ Kc7 19. Nb5+ $18 {Ward,C-Matthiesen,M/Copenhagen
2003}) 17. Qxd7+ Rxd7 18. Be4 (18. Rd1 Rhd8 {changing a pair of rooks favour
Black. Without a rook to protect them, White's queenside pawns are much more
vulnerable.}) (18. O-O $6 Rd2 $44) 18... Bxe4 (18... Bh3 19. Rd1 {Now this is
strong, because pawn h7 is under attack.} Rhd8 $2 20. Rxd7 Rxd7 21. Bxh7 $16)
19. Nxe4 Rd4 $1 $146 {[#] It is amazing that only Black's last move is a
novelty.} (19... Be5 20. Rb1 (20. Ra2 $1 $16) 20... Rd4 21. Nc5 Bd6 {was good
for Black in Erdos,V-Pert,N/Budapest 2003}) (19... Ba5+ 20. Kf1 Rd4 21. Nc5 $16
) 20. Ng5 $1 {Until this moment I have spent already one hour and twenty
minutes. After other moves Black equalizes easily:} (20. Nc5 Re8) (20. Nc3 Ba5
$1) 20... h6 (20... f6 21. Ne6 Ba5+ 22. Kf1 Rb4 (22... Rd2 23. Rb1 Re8 24. Nf4
$16) 23. Ra2 $16) 21. Nf3 Ba5+ $1 (21... Rb4 22. Ra2 Re8 23. Kd2 $1 {This was
rightly pointed out by my opponent after the game.} (23. e3 Ree4) (23. Kf1 {
I calculated only this move, which contains a trap. With the correct play
Black is out of danger, though.} Be5 $1 (23... Ree4 24. b3 $1 $16) 24. Nxe5
Rxe5 25. e3 Rc5 $1 (25... Ra5 26. Ke2 Raxa4 27. Rxa4 Rxa4 28. Kd3 $14)) 23...
Ba5 (23... Ree4 $5) 24. Kd3 $1 $16 {Followed by e3 is just a pawn up for White.
The position is almost technically winning.}) 22. Kf1 Rb4 23. Ra2 Re8 {Here I
made a big mistake. I saw the right continuation, but thought that White can
get a bigger advantage by playing differently.} 24. Nd2 $2 (24. e3 $1 {was
right, after which we reach by force the following position:} Ree4 25. Ke2 $1 (
25. Nd4 c5 26. Nf5 Rxa4 27. Rxa4 Rxa4 $132) 25... Rxa4 26. Rha1 Rxa2 27. Rxa2
Bb6 28. Kd3 $14 {This position should be slightly better for White, at least I
would have been happy to play it. Black's kingside pawns are weak, while the
queenside majority is very slow for the moment. Also White's king is better
centralized. Black has to find the right plan, which might be not very trivial.
}) 24... Rd4 $1 {Until the moment my opponent made this move on the board, I
considered it to be bad...} 25. Nb3 Rd1+ 26. Kg2 Rxh1 27. Kxh1 Be1 $1 {This I
missed. In all my games before nobody ever produced a move like Ba5-e1, after
which both pawns e2 and f2 are hanging. So it was easy to miss something like
that. Black regains the pawn and equalizes completely.} 28. Kg2 Rxe2 29. Kf1
Re8 30. Nc5 Bb4 $1 31. Nd3 (31. Nd3 Bd6 32. b3 $11) 1/2-1/2

[Event "EU-Cup 25th"]
[Site "Ohrid"]
[Date "2009.10.10"]
[Round "7.4"]
[White "Avrukh, Boris"]
[Black "Bu, Xiangzhi"]
[Result "0-1"]
[WhiteElo "2668"]
[BlackElo "2702"]
[Annotator "Rogozenco,D"]
[PlyCount "96"]
[EventDate "2009.10.04"]
[EventType "team-swiss"]
[EventRounds "7"]
[EventCountry "MKD"]
[SourceTitle "CBM 133"]
[Source "ChessBase"]
[SourceDate "2009.11.19"]
[SourceVersion "1"]
[SourceVersionDate "2009.11.19"]
[SourceQuality "1"]
[WhiteTeam "Ashdod Illit"]
[BlackTeam "Saratov Economist"]
[WhiteTeamCountry "ISR"]
[BlackTeamCountry "RUS"]

1. d4 d5 2. c4 c6 3. Nf3 Nf6 4. Nc3 dxc4 5. a4 Bf5 6. Ne5 Nbd7 7. Nxc4 Nb6 8.
Ne5 a5 9. g3 e6 10. Bg2 Bb4 11. O-O O-O 12. e3 h6 13. Re1 $146 {A rather
doubtful novelty. The pin of Nc3 will soon become a problem for White.} ({
Better is the approved} 13. Qe2 {and the rook goes to d1.}) 13... Bh7 14. e4
Qe7 15. Qb3 Nbd7 16. Nd3 {Too ambitious.} ({After} 16. Nxd7 Nxd7 17. Be3 e5 {
White can continue} 18. d5 {with double-edged play.}) 16... e5 $15 {Now White
is already on the defensive side. Black has more active pieces and the pawn
structure will also change in his favour.} 17. dxe5 (17. Nxb4 $2 Qxb4 18. Qxb4
axb4 $17) (17. Be3 Ng4 $15) 17... Nxe5 18. Nxe5 (18. Nxb4 axb4 (18... Qxb4 19.
Qc2 $15) 19. Na2 c5 20. f4 Nc6 $17) 18... Qxe5 19. Bf4 Qe7 20. Re2 $6 {The
result of the unfortunate 13th move. White unpins the knight and prepares Na2,
but Black is in time to achieve a perfect arrangement of pieces.} (20. e5 Nd7
21. e6 Nc5 22. exf7+ Qxf7 23. Qxf7+ Rxf7 $17) ({Correct was the natural} 20.
Rad1 {still being very close to complete equality:} Nd7 (20... Rfd8 21. Qc4 Nd7
22. Bc7 Re8 (22... Rdc8 23. Bf4 $15 {/=}) 23. Qd4 $1 Ne5 24. Bd6 Bxd6 25. Qxd6
Qxd6 26. Rxd6 Nc4 (26... Kf8 27. f4 $36) 27. Rd4 $13) 21. Qc4 Ne5 (21... Rfd8
22. Bc7 {see 20...Rfd8}) 22. Bxe5 $1 Qxe5 23. Rd7 Rab8 24. Red1 $11) 20... Nd7
$1 21. Na2 Nc5 22. Qc2 Ne6 23. Be3 Bc5 24. Rc1 Bxe3 25. Rxe3 Rfd8 $17 {Black
has achieved everything he could dream of and in fact White's position is more
difficult than it may seem. The problem is that (other factors being equal)
the queenside pawn structure clearly favours Black, who can easily attack the
weak pawn on a4 (with the queen from b4 and knight from c5).} 26. h3 $6 ({
Good or bad, but necessary was seeking for some activity:} 26. f4 Rd7 (26...
Nd4 27. Qf2 {[%cal Ge3d3,Gc1d1]}) (26... Rd4 27. f5) 27. Qc3 {and White can
still put up resistance, since he keeps the a5-pawn under attack, preventing
Black from doubling rooks on the d-file and at the same time he controls
square c5, preventing ...Ne6-c5. Of course Black can always place the knight
on d4, but at least from d4 the knight does not attack White's queenside pawns.
}) 26... Rd4 {Now it becomes really difficult for the Israeli GM. Black
threatens to double rooks and White must prevent it, which means losing
control over the c5-square.} 27. Rd1 (27. Rd3 Bxe4 $19 ({or} 27... Rxe4 $19)) (
27. Nc3 Rad8 28. Rd1 Rxd1+ 29. Nxd1 Rd4 30. Nc3 Qd6 31. Re2 Nc5 $17) 27...
Rxd1+ 28. Qxd1 Nc5 29. Qc2 Rd8 30. Nc1 (30. Nc3 Rd4 $17) 30... Rd4 31. Nb3 Nxb3
32. Qxb3 Bg6 33. Qc2 (33. Rd3 Rb4 $17 {/-+}) (33. f4 {would have offered
practical chances to complicate matters.}) 33... Qd6 34. Re2 Bh5 35. Re1 (35.
g4 Bg6 $17) 35... Qb4 36. Rc1 Qxa4 $19 {As the result of his passive play
White has lost a pawn. The worst thing is that he can't even get anything in
return - his position remains also strategically bad, since Black's pieces
control almost all the squares.} 37. Qc5 Bg6 38. Qe5 Qb4 39. Kh2 Rd2 40. Qf4
Qd4 41. Rf1 Rxb2 42. h4 h5 43. g4 hxg4 44. Qxg4 Qe5+ 45. Kg1 Bh5 46. Qd7 Kh7
47. Bh3 Bg6 48. h5 Qg5+ 0-1

[Event "EU-Cup 23rd"]
[Site "Kemer"]
[Date "2007.10.06"]
[Round "4.6"]
[White "Nielsen, Peter Heine"]
[Black "Predojevic, Borki"]
[Result "1/2-1/2"]
[WhiteElo "2626"]
[BlackElo "2645"]
[Annotator "Rogozenco,D"]
[PlyCount "63"]
[EventDate "2007.10.03"]
[EventType "team-swiss"]
[EventRounds "7"]
[EventCountry "TUR"]
[SourceTitle "CBM 121"]
[Source "ChessBase"]
[SourceDate "2007.11.14"]
[SourceVersion "1"]
[SourceVersionDate "2007.11.14"]
[SourceQuality "1"]
[WhiteTeam "Baden-Baden"]
[BlackTeam "Sarajevo Bosna"]
[WhiteTeamCountry "GER"]
[BlackTeamCountry "BIH"]

1. d4 d5 2. c4 c6 3. Nf3 Nf6 4. Nc3 dxc4 5. a4 Bf5 6. Ne5 Nbd7 7. Nxc4 Qc7 8.
g3 e5 9. dxe5 Nxe5 10. Bf4 Nfd7 11. Bg2 g5 12. Ne3 gxf4 13. Nxf5 O-O-O 14. Qc2
Ng6 $5 {Although 14...Nc5 is much more popular, nobody has refuted this simple
approach of advancing the h-pawn.} 15. O-O (15. O-O-O Kb8 16. Ne4 Bb4 17. Rd4
a5 18. Rhd1 Nde5 19. Nfd6 Qb6 20. Bh3 h5 21. Bf5 fxg3 22. hxg3 h4 23. Bxg6 (23.
f4 hxg3 24. fxe5 Nxe5 $44) 23... fxg6 24. gxh4 Rxh4 25. e3 $11 {1/2-1/2
Gelfand,B (2714)-Morozevich,A (2732)/Sochi 2004 (32)}) (15. Rc1 Kb8 16. O-O
fxg3 17. hxg3 h5 18. b4 h4 19. b5 cxb5 20. Qb1 hxg3 21. Nxg3 Nf4 (21... b4 $5)
22. Rfd1 Bc5 $15 {0-1 Pogorelov,R (2421)-Handke,F (2461)/Barcelona 2004 (63)})
15... fxg3 16. hxg3 h5 17. Rfc1 Kb8 (17... h4 $6 18. Nb5 Qb6 19. Nbd6+ Bxd6 20.
Nxd6+ Kb8 21. a5 Qc7 22. Nxb7 $1 Qxb7 23. Bxc6 Rc8 (23... Qb4 24. Ra4 $18) (
23... Qc7 24. Qb3+ $18) 24. Bxb7 Rxc2 25. Rxc2 Kxb7 26. Rac1 $16) 18. b4 $146 {
A logical novelty: Nielsen exploits the fact that Black didn't play ...a5 
(usually regarded as almost obligatory in this variation).} (18. Nb5 Qb6 19.
Nbd6 Bxd6 20. Nxd6 Nde5 21. Nxf7 (21. Nxb7 $2 Qxb7 22. Ra3 Rd4 $1 $19 {0-1 Dao
Thien Hai (2557)-Bu Xiangzhi (2671)/Doha 2006 (35)}) 21... Nxf7 22. Qxg6 h4 23.
Ra3 (23. Qxf7 $2 Rdf8) 23... Ne5 24. Qe4 Qxb2 (24... Rh5 $1 25. gxh4 (25. g4
Rd4 26. Qxd4 Qxd4 27. gxh5 Qxb2 28. Rac3 Qxe2 29. h6 Qh5 30. Re1 Ng4 $17) 25...
Rd4 $17) 25. Rac3 Rde8 26. gxh4 Rhg8 27. Kf1 Ng6 28. Qf3 Qd2 $4 29. Rxc6 Qxe2+
30. Qxe2 Rxe2 31. Rxg6 Rxg6 32. Kxe2 Rxg2 33. Rh1 $18 {1-0 Rmus,A (2380)
-Predojevic,B (2590)/Beograd 2006 (78)}) 18... h4 (18... Bxb4 $2 19. Nd5 $18)
19. b5 cxb5 (19... hxg3 $142 20. Nxg3 (20. bxc6 {doesn't work:} gxf2+ 21. Kf1 (
21. Kxf2 Qf4+ 22. Ke1 Nh4 $19) 21... Qh2 {[%cal Gh2g1]} 22. c7+ Qxc7 23. Rab1
Nc5) 20... cxb5 21. axb5 Bc5 22. Nce4 Bb6 {and Black is okay}) 20. Nxb5 {
This leads to an equal endgame.} ({The critical continuation is} 20. axb5 hxg3
(20... Bc5 21. Nd5 $36 Qe5 22. Qa2 {[%cal Gc1c5]}) 21. b6 $1 {and White's
attack seems to be quicker:} Qxb6 (21... gxf2+ 22. Kf1 Nxb6 23. Rxa7 $1) (21...
Nxb6 22. Rxa7) 22. Nxg3 $16 Nf4 $140 23. Rab1 Bb4 24. Na4 Qd6 25. Qe4 Nxg2 26.
Rxb4 $18) 20... Qxc2 21. Rxc2 hxg3 22. Nxg3 Nf4 $11 23. Rd1 (23. Rc7 $2 Nxg2
24. Rd1 a6 $17) (23. Bxb7 $2 Kxb7 24. Rc7+ Kb6 25. Rd1 a6 $19) 23... a6 24. Nd4
Nxg2 25. Kxg2 Be7 26. e3 Ne5 27. f4 Ng4 28. Kf3 Nh2+ 29. Ke2 (29. Ke4 Bf6 $11)
29... Ng4 30. Kf3 Nh2+ 31. Ke2 Ng4 32. Kf3 1/2-1/2